000 00343nam a22001337a 4500
008 181015b xxu||||| |||| 00| 0 eng d
020 _a9780547511726
041 _aeng
080 _a531
100 _a41
101 _aFIZ
245 _aTime Reborn From Crisis In Physics To The Future Of Universe
_cSmoblin.l
942 _2udc
_cBK
999 _c49619
_d49619